000 00611nmm a2200181Ia 4500
008 251105s9999||||xx |||||||||||||||||und||
020 _a9788492695225
041 _aspa
100 _aAlbom, Mitch
245 0 _aTen un poco de fe :
_b Una experiencia real. Una emotiva historia sobre lo más profundo de nuestros valores y creencias.
264 _a[Madrid, España] :
_bMaeva Ediciones,
_c2010
300 _a0 páginas
490 _aMitch Albom
650 _aNorth American narrative
700 _a Batista Pequeroles, Montserrat
856 _uhttps://public.digitaliapublishing.com/a/31563
942 _cCF
999 _c61524
_d61524